Statystyki dla Przyłącz obrazki do państw

Kliknij tutaj aby rozwiązać quiz!

Ogólne statystyki

  • Ten quiz został rozwiązany 14 681 razy
  • Średni wynik to 8 z 16

Statystyki odpowiedzi

ZagadnienieOdpowiedź% Poprawnych
Który z tych obrazków znajduje się w Japonii?
85%
Który z tych obrazków znajduje się w Chinach?
79%
Który z tych obrazków znajduje się w Wielkiej Brytanii?
78%
Który z tych obrazków znajduje się na Kubie?
72%
Który z tych obrazków znajduje się w Islandii?
70%
Który z tych obrazków znajduje się w Rosji?
67%
Który z tych obrazków znajduje się w Egipcie?
59%
Który z tych obrazków znajduje się w Stanach Zjednoczonych?
56%
Który z tych obrazków znajduje się na Filipinach?
56%
Który z tych obrazków znajduje się w Tanzanii?
55%
Który z tych obrazków znajduje się w Hiszpanii?
54%
Który z tych obrazków znajduje się w Kambodży?
34%
Który z tych obrazków znajduje się w Tunezji?
25%
Który z tych obrazków znajduje się w Brazylii?
18%
Który z tych obrazków znajduje się w Nowej Zelandii?
16%
Który z tych obrazków znajduje się w Kanadzie?
12%

Rozkład punktacji

Percentyl według liczby udzielonych odpowiedzi

Procent ludzi z każdym wynikiem

Twoja historia wyników

Nie rozwiązałeś tego quizu